<?xml version="1.0" encoding="UTF-8"?>
<marc:record xmlns:marc="http://www.loc.gov/MARC21/slim">
   <marc:leader>00000nam a2200000 a 4500</marc:leader>
   <marc:datafield ind1="1" ind2=" " tag="100">
      <marc:subfield code="a">Hederich, Benjamin</marc:subfield>
      <marc:subfield code="4">aut</marc:subfield>
      <marc:subfield code="e">Verfasser/-in</marc:subfield>
   </marc:datafield>
   <marc:datafield ind1="1" ind2=" " tag="100">
      <marc:subfield code="a">Patrick, Samuel</marc:subfield>
   </marc:datafield>
   <marc:datafield ind1="1" ind2=" " tag="100">
      <marc:subfield code="a">Ernesti, Johann August</marc:subfield>
   </marc:datafield>
   <marc:datafield ind1=" " ind2=" " tag="653">
      <marc:subfield code="a">f||Wörterbuch</marc:subfield>
   </marc:datafield>
   <marc:datafield ind1=" " ind2=" " tag="653">
      <marc:subfield code="a">g||Griechisch</marc:subfield>
   </marc:datafield>
   <marc:datafield ind1=" " ind2=" " tag="653">
      <marc:subfield code="a">s||Latein</marc:subfield>
   </marc:datafield>
   <marc:datafield ind1="0" ind2="0" tag="245">
      <marc:subfield code="a">Graecvm Lexicon Manvale</marc:subfield>
   </marc:datafield>
   <marc:datafield ind1="0" ind2="0" tag="245">
      <marc:subfield code="b">Tribus Partibus Constans Hermeneutica, Analytica, Synthetica</marc:subfield>
   </marc:datafield>
   <marc:datafield ind1="0" ind2="0" tag="245">
      <marc:subfield code="c">Primum A Beniamine Hederico Institutum Post Repetitas Sam. Patricii Curas Multis Vocabulorum Millibus Plurimisque Novis Significatibus Verborum Locupletatum, Et Multis Modis Castigatum Et Emendatum Cura Jo. Augusti Ernesti</marc:subfield>
   </marc:datafield>
   <marc:datafield ind1=" " ind2="1" tag="264">
      <marc:subfield code="a">Lipsia</marc:subfield>
      <marc:subfield code="b">Gleditsch</marc:subfield>
      <marc:subfield code="c">1767</marc:subfield>
   </marc:datafield>
   <marc:datafield ind1="1" ind2=" " tag="520">
      <marc:subfield code="a">Erscheinungsvermerk lt. Vorlage: Lipsiae || In Bibliopolio Ioh. Frid. Gleditschii || Prostat Etiam Londini Apvd I. Nourse || MDCCLXVII. Verzierungen und ill. Initialen im Text, brauner Ledereinband auf Buchdeckeln aus Pappe, Buchrücken mit 5 Bünden, goldenen Linienverzierungen ober- und unterhalb der Bünde und braunem Titelschild "GRAECUM LEXICON || MANVALE" in Goldprägung, rote Schnittkante.</marc:subfield>
   </marc:datafield>
   <marc:datafield ind1=" " ind2=" " tag="500">
      <marc:subfield code="a">Titelbl. in Rot- und Schwarzdr. - Text griech. und lat. - Bibliogr. Nachweis: VD18 11138270-005</marc:subfield>
   </marc:datafield>
   <marc:datafield ind1=" " ind2=" " tag="300">
      <marc:subfield code="a">[9] Bl., Sp. 5 - 2280, [1] Bl., Sp. 5 - 878; 22,5 cm</marc:subfield>
   </marc:datafield>
</marc:record>
